Statistics for Guess the Famous Forehead

Click here to take the quiz!

General Stats

  • This quiz has been taken 117 times
  • The average score is 9 of 16

Answer Stats

Answer% Correct
the rock
98%
will smith
89%
leonardo dicaprio
87%
brad pitt
84%
ryan reynolds
79%
robert pattinson
69%
tom holland
66%
chris rock
63%
michael b jordan
61%
idris elba
49%
kevin hart
47%
tom cruise
43%
jamie foxx
34%
ryan gosling
26%
hugh jackman
19%
ben affleck
17%

Score Distribution

Percentile by Number Answered

Percent of People with Each Score

Your Score History

You have not taken this quiz